[Event "Schleswig-Holstein-ch Seniors-B"]
[Site "Bad Segeberg"]
[Date "2018.03.26"]
[Round "4"]
[White "Weck, Uwe"]
[Black "Baumast, Bernd"]
[Result "1/2-1/2"]
[WhiteElo "1574"]
[BlackElo "1626"]
[PlyCount "120"]
[EventDate "2018.03.24"]
[EventType "swiss"]
[EventRounds "9"]
[EventCountry "GER"]
[SourceTitle "EXT 2023"]
[Source "ChessBase"]
[SourceDate "2022.10.05"]
[SourceVersion "1"]
[SourceVersionDate "2022.10.05"]
[SourceQuality "1"]

1. e4 e6 2. Nf3 d5 3. c3 dxe4 4. Qa4+ Bd7 5. Qxe4 Bc6 6. Qe3 Nf6 7. h3 Nd5 8. Qe2 Bd6 9. d4 a6 10. Bg5 f6 11. Qxe6+ Qe7 12. Qxe7+ Kxe7 13. Bh4 Re8 14. Nbd2 Kf7+ 15. Kd1 g5 16. Bg3 Bxg3 17. fxg3 Ne3+ 18. Kc1 Nd7 19. Nc4 Re7 20. Nxe3 Rxe3 21. Kd2 Rae8 22. Bc4+ Kg7 23. Rhe1 Nb6 24. Bb3 Rxe1 25. Rxe1 Rxe1 26. Kxe1 Bd5 27. Kf2 a5 28. Nd2 a4 29. Bxd5 Nxd5 30. Nb1 f5 31. Kf3 f4 32. gxf4 Nxf4 33. b3 axb3 34. axb3 Kf6 35. h4 Kf5 36. hxg5 Kxg5 37. Nd2 Nd5 38. c4 Nb4 39. Ne4+ Kf5 40. g4+ Kg6 41. d5 Nc2 42. Kf4 Nd4 43. b4 Nc2 44. b5 Na3 45. Nd2 Kf6 46. g5+ Kg6 47. Kg4 h6 48. gxh6 Kxh6 49. Kf5 Kg7 50. Ke5 Kf7 51. d6 c6 52. b6 Nc2 53. Ne4 Ne3 54. Kd4 Nf5+ 55. Ke5 Ne3 56. c5 Ng4+ 57. Kf4 Nf6 58. Ng5+ Ke8 59. Kf5 Nd7 60. Ne4 Kd8 1/2-1/2

[Event "Schleswig Holstein-ch Seniors op 10th"]
[Site "Buesum"]
[Date "2016.09.27"]
[Round "2"]
[White "Weck, Uwe"]
[Black "Nowack, Achim"]
[Result "1-0"]
[WhiteElo "1633"]
[BlackElo "1836"]
[PlyCount "113"]
[EventDate "2016.09.26"]
[EventType "swiss"]
[EventRounds "9"]
[EventCountry "GER"]
[SourceTitle "EXT 2019"]
[Source "ChessBase"]
[SourceDate "2018.10.10"]
[SourceVersion "1"]
[SourceVersionDate "2018.10.10"]
[SourceQuality "1"]

1. e4 g6 2. d4 Bg7 3. Nf3 d6 4. Bc4 Nf6 5. Nc3 0-0 6. 0-0 c6 7. Bg5 b5 8. Bd3 b4 9. Ne2 Bg4 10. e5 Nd5 11. exd6 Qxd6 12. Be4 f5 13. Bxd5+ Qxd5 14. Bxe7 Re8 15. Nf4 Qe4 16. Bd6 Bxf3 17. gxf3 Qxd4 18. Qxd4 Bxd4 19. Bxb4 Bxb2 20. Rab1 Bf6 21. Bd6 Nd7 22. Rb7 Nb6 23. Nd3 Bd4 24. Rc7 Rec8 25. Rb7 Re8 26. f4 Re2 27. Re1 Rxe1+ 28. Nxe1 Nc4 29. Be7 Re8 30. Nf3 Bc3 31. Rxa7 Nb6 32. Bg5 Nd5 33. a4 Re2 34. Bh6 Bf6 35. c4 Ne7 36. a5 Rc2 37. a6 Ra2 38. Ra8+ Kf7 39. a7 Ke6 40. Bg5 Bxg5 41. Nxg5+ Kd7 42. Nxh7 c5 43. Nf8+ Kc7 44. Ne6+ Kb7 45. Re8 Nc6 46. a8Q+ Rxa8 47. Rxa8 Kxa8 48. Nxc5 Na5 49. Nd3 Nxc4 50. Ne5 Nxe5 51. fxe5 Kb7 52. f4 Kc6 53. Kf2 Kd5 54. Kf3 g5 55. fxg5 Kxe5 56. h4 f4 57. g6 1-0

[Event "Kiel op-B 29th"]
[Site "Kiel"]
[Date "2016.08.04"]
[Round "8"]
[White "Weck, Uwe"]
[Black "Howe, Dietrich"]
[Result "1-0"]
[WhiteElo "1663"]
[BlackElo "1560"]
[PlyCount "89"]
[EventDate "2016.07.30"]
[EventType "swiss"]
[EventRounds "9"]
[EventCountry "GER"]
[SourceTitle "EXT 2017"]
[Source "ChessBase"]
[SourceDate "2016.10.25"]
[SourceVersion "1"]
[SourceVersionDate "2016.10.25"]
[SourceQuality "1"]

1. c4 Nf6 2. Nc3 e6 3. g3 c5 4. Bg2 d5 5. cxd5 exd5 6. d4 Be6 7. Nf3 Qc7 8. 0-0 a6 9. e3 b5 10. Ng5 Nc6 11. dxc5 Bxc5 12. Bxd5 Bxd5 13. Nxd5 Nxd5 14. Qxd5 Nd8 15. Qxa8 0-0 16. Qe4 f5 17. Qd5+ Kh8 18. Ne6 Nxe6 19. Qxe6 Qb7 20. Bd2 Rf6 21. Qe8+ Bf8 22. Bb4 Kg8 23. Bxf8 Rxf8 24. Qe6+ Kh8 25. Rfd1 Qb8 26. Rd4 Qc7 27. Rad1 h6 28. Rd7 Qc2 29. Qe7 Rg8 30. Qb4 Rc8 31. Rd8+ Rxd8 32. Rxd8+ Kh7 33. Qc3 Qb1+ 34. Kg2 Qe4+ 35. f3 Qe7 36. Qd4 Qf7 37. Rd7 Qg6 38. Rd6 Qf7 39. Qd5 Qh5 40. Rd8 Qg5 41. Qg8+ Kg6 42. Rd6+ Kh5 43. Qf7+ g6 44. Qe6 b4 45. h4 1-0

[Event "Schleswig Holstein-ch Seniors op 9th"]
[Site "Buesum"]
[Date "2015.10.07"]
[Round "9"]
[White "Geibel, Henning"]
[Black "Weck, Uwe"]
[Result "0-1"]
[WhiteElo "1470"]
[BlackElo "1697"]
[PlyCount "104"]
[EventDate "2015.09.28"]
[EventType "swiss"]
[EventRounds "9"]
[EventCountry "GER"]
[SourceTitle "EXT 2018"]
[Source "ChessBase"]
[SourceDate "2017.10.13"]
[SourceVersion "1"]
[SourceVersionDate "2017.10.13"]
[SourceQuality "1"]

1. e4 c5 2. Nf3 d6 3. d4 cxd4 4. Nxd4 Nf6 5. Qd3 g6 6. Be2 Bg7 7. 0-0 0-0 8. c3 Nbd7 9. Be3 Nc5 10. Qc2 Nfxe4 11. b4 Bxd4 12. Bxd4 Bf5 13. bxc5 Ng3 14. Bd3 Bxd3 15. Qxd3 Nxf1 16. Qxf1 e5 17. Be3 d5 18. Bh6 Re8 19. Nd2 Re6 20. Nf3 f6 21. Be3 Qa5 22. c4 d4 23. Bd2 Qxc5 24. a3 a5 25. h4 e4 26. Nh2 f5 27. a4 b6 28. Rb1 Kg7 29. Rb5 Qc7 30. Qc1 Rc6 31. Rd5 Rd8 32. Rxd8 Qxd8 33. Bh6+ Kf7 34. Bg5 Qc8 35. Qf4 d3 36. Ng4 Re6 37. Ne5+ Ke8 38. g4 d2 39. Qxd2 Rxe5 40. Qd6 Re6 41. Qd4 fxg4 42. Qh8+ Kd7 43. Qxh7+ Kc6 44. Be3 Qd7 45. Qh8 Kb7 46. Qb2 Qd1+ 47. Kg2 Qf3+ 48. Kg1 Rd6 49. Qg7+ Ka6 50. Bd4 Qd1+ 51. Kh2 Qxd4 52. Qxd4 Rxd4 0-1

[Event "Schleswig Holstein-ch Seniors op 9th"]
[Site "Buesum"]
[Date "2015.10.01"]
[Round "4"]
[White "Weck, Uwe"]
[Black "Lehr, Thomas"]
[Result "1/2-1/2"]
[WhiteElo "1697"]
[BlackElo "1924"]
[PlyCount "117"]
[EventDate "2015.09.28"]
[EventType "swiss"]
[EventRounds "9"]
[EventCountry "GER"]
[SourceTitle "EXT 2018"]
[Source "ChessBase"]
[SourceDate "2017.10.13"]
[SourceVersion "1"]
[SourceVersionDate "2017.10.13"]
[SourceQuality "1"]

1. Nf3 Nf6 2. c4 d6 3. Nc3 e5 4. d3 c6 5. e4 Be7 6. Bg5 a5 7. h3 Nfd7 8. Be3 Na6 9. d4 0-0 10. Be2 Re8 11. d5 Nf8 12. a3 Bd7 13. Na4 c5 14. 0-0 f5 15. exf5 Bxf5 16. Nc3 h6 17. Nh2 Bg5 18. Bg4 Qf6 19. Bxf5 Qxf5 20. Bxg5 Qxg5 21. Ne4 Qg6 22. Re1 Nc7 23. Re3 b5 24. b3 Ra6 25. Qe2 bxc4 26. Rg3 Qf5 27. Ng4 Kh8 28. bxc4 Rb8 29. Rf3 Qg6 30. Rg3 Qf5 31. Qe3 Qf4 32. Rf3 Qxe3 33. fxe3 h5 34. Ngf2 Kg8 35. Ng5 Rab6 36. Nfe4 Ne8 37. Raf1 Nd7 38. Rg3 Ndf6 39. Nxf6+ gxf6 40. Ne4+ Kf7 41. Nxf6 Nxf6 42. Rgf3 Rg8 43. Rxf6+ Ke7 44. Rf7+ Ke8 45. Ra7 Rg3 46. Rxa5 Rxe3 47. Ra7 Rg3 48. a4 Rb2 49. Rf2 Rxf2 50. Kxf2 Rc3 51. a5 Rxc4 52. a6 Ra4 53. g4 hxg4 54. hxg4 Kf8 55. g5 Kg8 56. g6 Ra3 57. Ke2 c4 58. Kd2 e4 59. Rc7 1/2-1/2

[Event "Kiel op-B 28th"]
[Site "Kiel"]
[Date "2015.07.29"]
[Round "7"]
[White "Paolella, Finnley"]
[Black "Weck, Uwe"]
[Result "1/2-1/2"]
[WhiteElo "1286"]
[BlackElo "1697"]
[PlyCount "85"]
[EventDate "2015.07.25"]
[EventType "swiss"]
[EventRounds "9"]
[EventCountry "GER"]
[SourceTitle "EXT 2017"]
[Source "ChessBase"]
[SourceDate "2016.10.25"]
[SourceVersion "1"]
[SourceVersionDate "2016.10.25"]
[SourceQuality "1"]

1. e4 c5 2. Nc3 Nc6 3. f4 e6 4. Nf3 a6 5. d3 d6 6. Be2 Be7 7. 0-0 Qc7 8. Re1 Nf6 9. Bf1 e5 10. fxe5 Nxe5 11. Be3 Neg4 12. h3 Nxe3 13. Rxe3 0-0 14. d4 b5 15. dxc5 Qxc5 16. Qd4 Qc7 17. Qd2 Bb7 18. Kh1 Rad8 19. Rae1 Nd7 20. Nd5 Bxd5 21. exd5 Bf6 22. c3 Ne5 23. Qc2 Qc5 24. Qd1 Nxf3 25. Rxf3 Rfe8 26. Rxe8+ Rxe8 27. Bd3 Re5 28. b4 Qxd5 29. Re3 Qxa2 30. Rf3 Qe6 31. Qc2 Re1+ 32. Kh2 Qe5+ 33. g3 g6 34. Qf2 Kg7 35. Rxf6 Qxf6 36. Qxe1 d5 37. Kg2 h6 38. Bc2 d4 39. cxd4 Qxd4 40. Qe4 Qd2+ 41. Kf3 Qc3+ 42. Kf2 Qd2+ 43. Kf3 1/2-1/2

[Event "Kiel op-B 28th"]
[Site "Kiel"]
[Date "2015.07.26"]
[Round "3"]
[White "Weck, Uwe"]
[Black "Lange, Edgar"]
[Result "1/2-1/2"]
[WhiteElo "1697"]
[BlackElo "1599"]
[PlyCount "117"]
[EventDate "2015.07.25"]
[EventType "swiss"]
[EventRounds "9"]
[EventCountry "GER"]
[SourceTitle "EXT 2017"]
[Source "ChessBase"]
[SourceDate "2016.10.25"]
[SourceVersion "1"]
[SourceVersionDate "2016.10.25"]
[SourceQuality "1"]

1. e4 e5 2. Nf3 Nc6 3. Bb5 a6 4. Ba4 Nf6 5. 0-0 d6 6. Re1 Be7 7. c3 0-0 8. d4 exd4 9. Nxd4 Bd7 10. Bc2 Re8 11. Bf4 Ne5 12. Nd2 b5 13. h3 Rc8 14. N4f3 Bf8 15. Qe2 c5 16. Nxe5 dxe5 17. Bg5 h6 18. Bh4 Be7 19. Nf3 Qc7 20. Rad1 Bc6 21. Bg3 Bd6 22. Nd2 Rcd8 23. c4 b4 24. Qe3 a5 25. Bh4 Be7 26. Nf3 Nh5 27. g3 Bxh4 28. Nxh4 Bd7 29. Nf5 Bxf5 30. exf5 Rd4 31. Qe2 Nf6 32. b3 Qd6 33. Qf3 Rd8 34. Qe2 Re8 35. Bd3 e4 36. Bc2 e3 37. Qf3 exf2+ 38. Kxf2 Rd2+ 39. Rxd2 Qxd2+ 40. Re2 Rxe2+ 41. Qxe2 Qxe2+ 42. Kxe2 Kf8 43. Ke3 Ke7 44. g4 Kd6 45. Kf4 Ke7 46. Ke5 Kd7 47. Bd1 Ke7 48. h4 Nd7+ 49. Kd5 f6 50. Kc6 Kd8 51. Bc2 Ne5+ 52. Kxc5 Nxg4 53. Kb6 Ne3 54. Be4 Nd1 55. c5 Nc3 56. Bg2 a4 57. bxa4 Nxa4+ 58. Kb5 Nxc5 59. Kxb4 1/2-1/2

[Event "Kiel op-B 28th"]
[Site "Kiel"]
[Date "2015.07.25"]
[Round "2"]
[White "Draasch, Heiko"]
[Black "Weck, Uwe"]
[Result "0-1"]
[WhiteElo "1618"]
[BlackElo "1697"]
[PlyCount "90"]
[EventDate "2015.07.25"]
[EventType "swiss"]
[EventRounds "9"]
[EventCountry "GER"]
[SourceTitle "EXT 2017"]
[Source "ChessBase"]
[SourceDate "2016.10.25"]
[SourceVersion "1"]
[SourceVersionDate "2016.10.25"]
[SourceQuality "1"]

1. f4 d5 2. b3 e6 3. Bb2 Nf6 4. e3 c5 5. Nf3 Be7 6. Ne5 Qb6 7. d3 Nbd7 8. Nxd7 Bxd7 9. Nd2 Rc8 10. Nf3 c4 11. Bd4 Qa5+ 12. Nd2 cxd3 13. Bxd3 Bc5 14. 0-0 Bxd4 15. exd4 Bb5 16. c4 Bc6 17. f5 Qc3 18. Nf3 dxc4 19. bxc4 exf5 20. Rc1 Bxf3 21. Qxf3 Qxd4+ 22. Kh1 0-0 23. Qxf5 Rc5 24. Qf3 b6 25. Rcd1 Qg4 26. h3 Qxf3 27. Rxf3 Ra5 28. Rd2 h6 29. Rdf2 Re5 30. Kh2 Ne4 31. Re2 f5 32. g4 Ng5 33. Rxf5 Rfxf5 34. gxf5 Rxe2+ 35. Bxe2 Nf7 36. Kg3 Nd6 37. Bd3 Kf7 38. Kf4 Kf6 39. h4 Nb7 40. Be4 Nc5 41. Bc2 a5 42. a4 Nd7 43. Be4 Ne5 44. Bd5 Nd3+ 45. Ke4 Nb2 0-1

[Event "Kiel op-B 28th"]
[Site "Kiel"]
[Date "2015.07.25"]
[Round "1"]
[White "Weck, Uwe"]
[Black "Kaltschmidt, Andreas"]
[Result "1-0"]
[WhiteElo "1697"]
[BlackElo "1535"]
[PlyCount "43"]
[EventDate "2015.07.25"]
[EventType "swiss"]
[EventRounds "9"]
[EventCountry "GER"]
[SourceTitle "EXT 2017"]
[Source "ChessBase"]
[SourceDate "2016.10.25"]
[SourceVersion "1"]
[SourceVersionDate "2016.10.25"]
[SourceQuality "1"]

1. e4 e5 2. Nf3 Nf6 3. Bc4 Be7 4. 0-0 0-0 5. Re1 d6 6. d4 Bg4 7. dxe5 Bxf3 8. Qxf3 dxe5 9. Bg5 Qd4 10. Bxf6 Bxf6 11. Qb3 Nd7 12. c3 Qc5 13. Nd2 Nb6 14. Qb5 Qd6 15. Rad1 c6 16. Qb3 Qc5 17. Be2 Rad8 18. Qc2 Qe7 19. c4 Rd7 20. Bg4 Rd4 21. c5 Rfd8 22. cxb6 1-0

[Event "Schleswig Holstein-ch Seniors"]
[Site "Hanerau"]
[Date "2015.03.28"]
[Round "1"]
[White "Petersen, Kay"]
[Black "Weck, Uwe"]
[Result "1-0"]
[WhiteElo "1369"]
[BlackElo "1681"]
[PlyCount "105"]
[EventDate "2015.03.28"]
[EventType "swiss"]
[EventRounds "9"]
[EventCountry "GER"]
[SourceTitle "EXT 2018"]
[Source "ChessBase"]
[SourceDate "2017.10.13"]
[SourceVersion "1"]
[SourceVersionDate "2017.10.13"]
[SourceQuality "1"]

1. d4 Nf6 2. c4 d5 3. Bf4 e6 4. Nc3 Bb4 5. e3 0-0 6. Bd3 c6 7. Nf3 Nbd7 8. 0-0 dxc4 9. Bxc4 Nd5 10. Nxd5 cxd5 11. Bb3 a6 12. Qd3 b5 13. a3 Ba5 14. Bc2 f5 15. b4 Bb6 16. Rac1 Bb7 17. Ng5 Qe8 18. Bd1 h6 19. Nf3 Qg6 20. Ne5 Nxe5 21. Bxe5 Rac8 22. Bf3 Rc4 23. Bd6 Rfc8 24. Bc5 Bc7 25. g3 h5 26. Qe2 h4 27. Bh5 Qf6 28. f4 g6 29. Bf3 hxg3 30. hxg3 Kf7 31. Rxc4 bxc4 32. Qg2 Rg8 33. Kf2 g5 34. Bh5+ Kg7 35. Be2 Rh8 36. Rh1 Rxh1 37. Qxh1 g4 38. Bxc4 Qh6 39. Qxh6+ Kxh6 40. Bd3 Kg6 41. b5 axb5 42. Bxb5 Kf6 43. a4 Ba5 44. Ba3 Kf7 45. Ke2 Bc8 46. Bc1 Ke7 47. Bd2 Bxd2 48. Kxd2 Kd6 49. Kc3 Kc7 50. a5 Kb7 51. Kb4 Ka7 52. Kc5 Kb7 53. Kd6 1-0

[Event "Kiel op-B 27th"]
[Site "Kiel"]
[Date "2014.08.03"]
[Round "4"]
[White "Weck, Uwe"]
[Black "Koch, Andreas Tigran"]
[Result "1/2-1/2"]
[WhiteElo "1693"]
[BlackElo "1214"]
[PlyCount "68"]
[EventDate "2014.08.02"]
[EventType "swiss"]
[EventRounds "9"]
[EventCountry "GER"]
[SourceTitle "CBM 161 Extra"]
[Source "ChessBase"]
[SourceDate "2014.08.29"]
[SourceVersion "1"]
[SourceVersionDate "2014.08.29"]
[SourceQuality "1"]

1. e4 e5 2. Nf3 Nf6 3. Bc4 Bc5 4. d3 d6 5. 0-0 Nc6 6. c3 Bg4 7. h3 Bh5 8. Nbd2 Qd7 9. Qb3 Na5 10. Qb5 Nxc4 11. Qxd7+ Nxd7 12. dxc4 0-0 13. b4 Bb6 14. g4 Bg6 15. Kg2 c5 16. Nh4 cxb4 17. cxb4 Bd4 18. Rb1 Nb6 19. Bb2 Nxc4 20. Nxg6 Nxd2 21. Nxf8 Bxb2 22. Rxb2 Nxf1 23. Nd7 Rd8 24. Nxe5 Ne3+ 25. fxe3 dxe5 26. Rc2 f6 27. Rc7 Rd2+ 28. Kf3 Rxa2 29. Rxb7 h6 30. Rb5 Rb2 31. Ra5 Rxb4 32. Rxa7 Rb2 33. h4 g5 34. hxg5 hxg5 1/2-1/2

[Event "Schleswig Holstein-ch Seniors"]
[Site "Leck"]
[Date "2014.??.??"]
[Round "6"]
[White "Weck, Uwe"]
[Black "Petersen, Kay"]
[Result "1-0"]
[WhiteElo "1692"]
[BlackElo "1396"]
[PlyCount "107"]
[EventDate "2014.04.12"]
[EventType "swiss"]
[EventRounds "9"]
[EventCountry "GER"]
[SourceTitle "EXT 2018"]
[Source "ChessBase"]
[SourceDate "2017.10.13"]
[SourceVersion "1"]
[SourceVersionDate "2017.10.13"]
[SourceQuality "1"]

1. d4 d5 2. Nf3 e6 3. g3 Nf6 4. Bg2 c5 5. c3 Nc6 6. 0-0 cxd4 7. Nxd4 Bc5 8. Bf4 0-0 9. Nf3 Re8 10. Ne5 Nxe5 11. Bxe5 b5 12. Nd2 Bb7 13. e3 Nd7 14. Nf3 f6 15. Bd4 Bf8 16. e4 dxe4 17. Nd2 e5 18. Be3 Nc5 19. Bxc5 Bxc5 20. Bxe4 Bxe4 21. Nxe4 Qb6 22. Qd5+ Kh8 23. Qxc5 Qb8 24. Nd6 Re6 25. Rad1 h6 26. Qd5 Re7 27. Nf7+ Kh7 28. Qe4+ g6 29. Rd8 Qxd8 30. Nxd8 Rxd8 31. Qb4 Rb7 32. f4 exf4 33. Rxf4 f5 34. Rd4 Re8 35. Kf2 Rbe7 36. Rd2 a6 37. h4 h5 38. Qd6 Re6 39. Qc7+ R8e7 40. Rd7 Re2+ 41. Kg1 Rxd7 42. Qxd7+ Kg8 43. Qd5+ Kg7 44. Qd4+ Kf7 45. c4 bxc4 46. Qxc4+ Re6 47. Kf2 Kf6 48. b4 Rd6 49. a4 g5 50. hxg5+ Ke7 51. Qc5 Kd7 52. g6 Rd2+ 53. Ke1 Rg2 54. Qd5+ 1-0

[Event "Schleswig-Holstein-ch Young Seniors"]
[Site "Buesum"]
[Date "2010.03.31"]
[Round "7"]
[White "Weck, Uwe"]
[Black "Harders, Werner"]
[Result "1-0"]
[WhiteElo "1693"]
[BlackElo "1373"]
[PlyCount "85"]
[EventDate "2010.03.27"]
[EventType "swiss"]
[EventRounds "9"]
[EventCountry "GER"]
[SourceTitle "EXT 2023"]
[Source "ChessBase"]
[SourceDate "2022.10.05"]
[SourceVersion "1"]
[SourceVersionDate "2022.10.05"]
[SourceQuality "1"]

1. d4 d5 2. c4 e6 3. Nc3 Bb4 4. Qc2 Nf6 5. e3 c5 6. Nf3 Nc6 7. cxd5 Nxd5 8. a3 Bxc3+ 9. bxc3 cxd4 10. cxd4 0-0 11. Bd3 Nf6 12. 0-0 h6 13. Bb2 Ne7 14. Ne5 Nf5 15. Rad1 g6 16. f4 Nxe3 17. Qf2 Nxd1 18. Rxd1 Kh7 19. Qc2 Qe8 20. h4 Nd5 21. Qd2 f5 22. Rc1 Qe7 23. g3 Bd7 24. Be2 Rac8 25. h5 Rxc1+ 26. Bxc1 gxh5 27. Bxh5 Be8 28. Bf3 Rg8 29. Qh2 Qg7 30. g4 Rh8 31. Qh4 Kg8 32. Qe1 Kh7 33. Qh4 Qc7 34. Bd2 Qg7 35. Kf2 Kg8 36. Qd8 Kf8 37. Bxd5 exd5 38. Bb4+ Kg8 39. Qxe8+ Kh7 40. Qe6 fxg4 41. Qxd5 Rc8 42. Qe4+ Kh8 43. Ng6+ 1-0